[Event "34.Schlosspark-Open"]
[Site "Wiesbaden-Biebrich"]
[Date "2025.08.29"]
[Round "2.53"]
[White "Masius, Patrick"]
[Black "Busch, Günther"]
[Result "1-0"]
[WhiteElo "1956"]
[BlackElo "1660"]
[PlyCount "53"]
[EventDate "2025.08.28"]
[WhiteTeam "VfR-SC Koblenz"]
[BlackTeam "Sfr Stiller Zug Wiesbaden"]

1. c4 d6 2. g3 g6 3. Bg2 Bg7 4. Nc3 a6 5. Nf3 Nd7 6. b3 e6 7. Bb2 Ne7 8. Qc2 e5 9. Rd1 Nc6 10. h4 Nf6 11. d4 Nxd4 12. Nxd4 exd4 13. Rxd4 O-O 14. O-O Ng4 15. Rd2 Bh6 16. Rdd1 Re8 17. c5 Qe7 18. Nd5 Qxe2 19. Qc3 Qe5 20. Nxc7 Qxc3 21. Bxc3 Be6 22. cxd6 Bd7 23. Nxa8 Rxa8 24. Bf3 Rb8 25. Bxg4 Bxg4 26. d7 Bxd1 27. Rxd1 1-0

[Event "34.Schlosspark-Open"]
[Site "Wiesbaden-Biebrich"]
[Date "2025.08.29"]
[Round "2.55"]
[White "Will, Elina"]
[Black "Schmitt, Carsten"]
[Result "0-1"]
[WhiteElo "1606"]
[BlackElo "1913"]
[PlyCount "92"]
[EventDate "2025.08.28"]
[WhiteTeam "TuS Makkabi Wiesbaden"]
[BlackTeam "SV Bergwinkel"]

1. e4 e6 2. d4 d5 3. exd5 exd5 4. Bd3 c5 5. Be3 c4 6. Be2 Nf6 7. Nf3 Bd6 8. c3 Bf5 9. Nbd2 Nbd7 10. O-O h6 11. h3 O-O 12. b3 b5 13. a4 a6 14. b4 Nb6 15. a5 Na4 16. Qc1 Qe7 17. Qa3 Nxc3 18. Qxc3 Bxb4 19. Qc1 Qc7 20. Nb3 Rfc8 21. Nc5 Bxa5 22. Qa3 Bb6 23. Qb4 Bxc5 24. dxc5 Ne4 25. Rfd1 a5 26. Qb2 Be6 27. Nd4 b4 28. Nxe6 fxe6 29. Bg4 Ra6 30. Re1 Rb8 31. g3 e5 32. Bf3 Nf6 33. Red1 Rd8 34. Qc2 Qf7 35. Be2 Rd7 36. g4 b3 37. Qc3 Qe6 38. Rxa5 Rxa5 39. Qxa5 d4 40. Bd2 Kh7 41. Qb5 d3 42. Bf1 Nxg4 43. Bc3 Rf7 44. Rd2 Nf6 45. c6 Ne4 46. Bg2 Nxc3 0-1

[Event "34.Schlosspark-Open"]
[Site "Wiesbaden-Biebrich"]
[Date "2025.08.29"]
[Round "2.56"]
[White "Herrmann, Jakob"]
[Black "Börsch, Dieter"]
[Result "1-0"]
[WhiteElo "2283"]
[BlackElo "1779"]
[PlyCount "67"]
[EventDate "2025.08.28"]
[WhiteTeam "SAV Torgelow-Drögeheide 90"]
[BlackTeam "SK Bad Homburg 1927"]

1. d4 Nf6 2. c4 e6 3. g3 c5 4. d5 exd5 5. cxd5 d6 6. Nc3 g6 7. Bg2 Bg7 8. Nf3 O-O 9. O-O Re8 10. Re1 a6 11. a4 Nbd7 12. e4 Ne5 13. Nxe5 Rxe5 14. Bf4 Re8 15. h3 Nh5 16. Be3 Rb8 17. g4 Nf6 18. Qd3 Qc7 19. Qc4 Bd7 20. a5 b5 21. axb6 Qxb6 22. Rxa6 Qb4 23. Qxb4 cxb4 24. Nd1 Nxe4 25. Bxe4 Rxe4 26. Rxd6 Ba4 27. Ra6 Bb5 28. Ra5 Re5 29. b3 Rxd5 30. Bf4 Rc8 31. Ne3 Rd4 32. Rxb5 Rxf4 33. Nd5 Rcc4 34. bxc4 1-0

[Event "34.Schlosspark-Open"]
[Site "Wiesbaden-Biebrich"]
[Date "2025.08.29"]
[Round "2.57"]
[White "Donecker, Stefan"]
[Black "Ruppert, Wolfgang"]
[Result "0-1"]
[WhiteElo "1780"]
[BlackElo "2128"]
[PlyCount "88"]
[EventDate "2025.08.28"]
[WhiteTeam "SAbt TuS Dotzheim"]
[BlackTeam "SC Flörsheim 1921"]

1. Nc3 c5 2. d4 cxd4 3. Qxd4 Nc6 4. Qd3 d6 5. e4 g6 6. Be3 Bg7 7. Be2 Nf6 8. Nf3 O-O 9. O-O a6 10. a3 Bg4 11. h3 Bxf3 12. gxf3 Qc8 13. Kg2 Ne5 14. Qd1 Qc6 15. Nd5 Nxd5 16. exd5 Qc7 17. Rb1 Rac8 18. c3 b5 19. f4 Nc4 20. Bd4 e5 21. dxe6 fxe6 22. Bxc4 bxc4 23. Qe2 Rce8 24. Bxg7 Kxg7 25. b3 Rxf4 26. bxc4 Qc6+ 27. f3 Rxc4 28. Rb4 Rxc3 29. Rf2 e5 30. Qb2 Rc8 31. Rb6 Qd5 32. Rb7+ R3c7 33. Rb3 Rf8 34. Rd2 Qc6 35. Rdd3 Qc2+ 36. Qxc2 Rxc2+ 37. Kg3 Rc6 38. Rb7+ Rf7 39. Rb8 Kf6 40. Rdb3 Ke6 41. Ra8 d5 42. Rb4 Rd7 43. Ra4 Rdd6 44. Rg4 d4 0-1

[Event "34.Schlosspark-Open"]
[Site "Wiesbaden-Biebrich"]
[Date "2025.08.29"]
[Round "2.58"]
[White "Schild, Willi"]
[Black "Mönch, Dorothée"]
[Result "1/2-1/2"]
[WhiteElo "2022"]
[BlackElo "1768"]
[PlyCount "114"]
[EventDate "2025.08.28"]
[WhiteTeam "Schachgemeinschaft Siebengebirge"]
[BlackTeam "Sfr.Mainz 1928"]

1. Nf3 Nf6 2. g3 d5 3. c4 c6 4. b3 Bf5 5. d3 e6 6. Bb2 Nbd7 7. Bg2 h6 8. Nbd2 Be7 9. O-O O-O 10. Nd4 Bh7 11. e4 c5 12. Nc2 d4 13. f4 Qc7 14. Qe2 Ne8 15. Nf3 e5 16. Bc1 f6 17. Bh3 Bd6 18. Be6+ Kh8 19. Bxd7 Qxd7 20. fxe5 fxe5 21. Bd2 Qe7 22. Nh4 Nc7 23. Qh5 Qe6 24. b4 b6 25. b5 Be7 26. Nf3 Bf6 27. Kg2 Rac8 28. g4 g5 29. Qh3 Bg7 30. Ng1 Qg6 31. Ne2 Ne6 32. Ng3 Nf4+ 33. Bxf4 gxf4 34. Nf5 Qg5 35. Kf3 Bg6 36. Rg1 Kh7 37. Qg2 h5 38. h3 h4 39. Qf2 Bf6 40. Ne1 Bxf5 41. gxf5 Qh5+ 42. Rg4 Rg8 43. Qg2 Rg7 44. Nc2 Rcg8 45. Rg1 Rxg4 46. hxg4 Qh6 47. Qh3 Bg5 48. Ne1 Kg7 49. Ng2 Rh8 50. a4 Qf6 51. Ra1 Qd8 52. Ne1 Qc7 53. Ke2 Qb7 54. Nf3 Kf6 55. Rh1 Qa8 56. Qf1 a5 57. Rh3 Rh6 1/2-1/2

[Event "34.Schlosspark-Open"]
[Site "Wiesbaden-Biebrich"]
[Date "2025.08.29"]
[Round "2.59"]
[White "Hrytseniuk, Yanislav"]
[Black "Bartsch, Marius"]
[Result "1-0"]
[WhiteElo "1963"]
[BlackElo "1756"]
[PlyCount "111"]
[EventDate "2025.08.28"]
[WhiteTeam "Sfr.Mainz 1928"]
[BlackTeam "Wiesbadener SV 1885"]

1. e4 e5 2. Nf3 Nf6 3. Nc3 Bb4 4. d3 Bxc3+ 5. bxc3 d6 6. Be2 Nbd7 7. O-O O-O 8. Bg5 Re8 9. h3 h6 10. Bh4 Nf8 11. Nh2 Ng6 12. Bg3 Qe7 13. Qd2 Bd7 14. f4 exf4 15. Bxf4 Nxf4 16. Qxf4 Rad8 17. Rf2 Qe5 18. Qd2 Re7 19. Nf3 Qc5 20. Nd4 Qe5 21. Raf1 Qg5 22. Nf3 Qc5 23. Kh2 b6 24. Nd4 Qg5 25. Rf4 Rde8 26. h4 Qe5 27. g3 c5 28. Rf5 Nxe4 29. dxe4 Qxe4 30. R5f4 Qe3 31. Qxe3 Rxe3 32. Bc4 cxd4 33. Bxf7+ Kh7 34. Bxe8 Bxe8 35. cxd4 Re2+ 36. R1f2 Re1 37. d5 Bg6 38. g4 Be4 39. c4 Rh1+ 40. Kg3 Rg1+ 41. Kh3 Rh1+ 42. Rh2 Re1 43. h5 Bd3 44. Rd2 Be4 45. Kh4 Rh1+ 46. Kg3 Rg1+ 47. Kh2 Re1 48. Kg3 Rg1+ 49. Kf2 Rg2+ 50. Ke3 Rxd2 51. Kxd2 Bb1 52. Kc1 Bd3 53. Kd2 Bb1 54. a3 Kg8 55. Kc3 Bh7 56. Kb4 1-0

[Event "34.Schlosspark-Open"]
[Site "Wiesbaden-Biebrich"]
[Date "2025.08.29"]
[Round "2.60"]
[White "Moldenhauer, Lennart"]
[Black "Brehme, Ralf-Peter"]
[Result "0-1"]
[WhiteElo "1767"]
[BlackElo "1948"]
[PlyCount "156"]
[EventDate "2025.08.28"]
[WhiteTeam "SV Oberursel"]
[BlackTeam "Vorw.Orient Mainz"]

1. e4 d5 2. exd5 Nf6 3. d4 Bg4 4. Bb5+ c6 5. dxc6 Nxc6 6. Nf3 Qb6 7. Bxc6+ Qxc6 8. O-O O-O-O 9. Ne5 Bxd1 10. Nxc6 bxc6 11. Rxd1 c5 12. Be3 e5 13. c3 cxd4 14. Bg5 Be7 15. Re1 Rhe8 16. Rxe5 h6 17. Bh4 g5 18. Bg3 Ng4 19. Re4 f5 20. Rxd4 f4 21. Bxf4 gxf4 22. Nd2 Rxd4 23. cxd4 Bb4 24. Nf3 Re2 25. h3 Nxf2 26. Rc1+ Kb7 27. a3 Bd6 28. Ne5 Bxe5 29. dxe5 Nd3 30. Rc4 Rxe5 31. b4 h5 32. Rd4 Re1+ 33. Kh2 Re3 34. Rd5 Ne5 35. Rb5+ Kc7 36. Ra5 Kb6 37. a4 a6 38. Rd5 Kc6 39. Rc5+ Kb7 40. b5 axb5 41. Rxb5+ Kc6 42. Rb4 Nd3 43. Rb8 Re5 44. Rd8 Nc5 45. Rf8 Ne6 46. Rf6 Kd6 47. Rh6 Ke7 48. Rh7+ Kf6 49. Ra7 Nc5 50. Ra8 Ne4 51. a5 Ng3 52. Rf8+ Kg5 53. h4+ Kg4 54. Rg8+ Kxh4 55. Rf8 Kg5 56. Rg8+ Kf5 57. Rf8+ Ke4 58. a6 Re7 59. Rf6 Ke5 60. Rf8 Ra7 61. Re8+ Kf6 62. Rf8+ Kg5 63. Rg8+ Kh4 64. Rf8 Ne2 65. Re8 Nc3 66. Rf8 Nd5 67. Rd8 Ne3 68. Rf8 Ng4+ 69. Kg1 Rxa6 70. Rxf4 Ra1+ 71. Rf1 Rxf1+ 72. Kxf1 Kg3 73. Kg1 Ne3 74. Kh1 Nxg2 75. Kg1 Ne1 76. Kh1 Nd3 77. Kg1 Nf2 78. Kf1 h4 0-1

[Event "34.Schlosspark-Open"]
[Site "Wiesbaden-Biebrich"]
[Date "2025.08.29"]
[Round "2.61"]
[White "Vilain, Philip"]
[Black "Jakob, Steffen"]
[Result "1/2-1/2"]
[WhiteElo "1767"]
[BlackElo "1918"]
[PlyCount "82"]
[EventDate "2025.08.28"]
[WhiteTeam "SC Heitersheim"]
[BlackTeam "Sges Bensheim 1931"]

1. e4 c6 2. d4 d5 3. exd5 cxd5 4. Bd3 Nc6 5. c3 Nf6 6. h3 g6 7. Nf3 Bf5 8. Bxf5 gxf5 9. Bf4 e6 10. Nbd2 Bd6 11. Bxd6 Qxd6 12. Qe2 Ne4 13. Nb3 Rg8 14. g3 O-O-O 15. O-O-O Kb8 16. Kb1 Rc8 17. Nfd2 Qe7 18. Qe3 Qg5 19. Qxg5 Rxg5 20. Nxe4 fxe4 21. Nc1 Ne7 22. Ne2 Rf5 23. Rhf1 h5 24. Kc2 Rg8 25. Kd2 Rfg5 26. h4 Rf5 27. Nf4 Kc7 28. Rde1 Kd7 29. Re2 Ng6 30. Ng2 Ne7 31. Nf4 Ng6 32. Ng2 Kd6 33. Rd1 b5 34. b4 Rc8 35. Rc1 Rf3 36. Ne1 Rf6 37. Ng2 Rf3 38. Ne1 Rf6 39. Ng2 Rc6 40. Rc2 Rf3 41. Ne1 Rf6 1/2-1/2

[Event "34.Schlosspark-Open"]
[Site "Wiesbaden-Biebrich"]
[Date "2025.08.29"]
[Round "2.62"]
[White "Hübner, Kai"]
[Black "Behr, Julian"]
[Result "1/2-1/2"]
[WhiteElo "1763"]
[BlackElo "1898"]
[PlyCount "30"]
[EventDate "2025.08.28"]
[WhiteTeam "SC Flörsheim 1921"]
[BlackTeam "Sfr.Mainz 1928"]

1. d4 d5 2. Bf4 c5 3. e3 Qb6 4. Nc3 Nf6 5. Nb5 Na6 6. c3 e6 7. a4 c4 8. b3 cxb3 9. Qxb3 Be7 10. Bd3 O-O 11. Nf3 Re8 12. h3 Bd7 13. a5 Qd8 14. O-O Bc6 15. Rfb1 Ne4 1/2-1/2

[Event "34.Schlosspark-Open"]
[Site "Wiesbaden-Biebrich"]
[Date "2025.08.29"]
[Round "2.63"]
[White "Münstermann, Matthias"]
[Black "Schmitt, Clemens"]
[Result "1-0"]
[WhiteElo "1760"]
[BlackElo "1889"]
[PlyCount "107"]
[EventDate "2025.08.28"]
[WhiteTeam "SK Langen"]
[BlackTeam "SV Bergwinkel"]

1. d4 d5 2. c4 c6 3. Nf3 Nf6 4. Nc3 e6 5. e3 Nbd7 6. Bd3 dxc4 7. Bxc4 b5 8. Bd3 a6 9. O-O c5 10. b3 Bb7 11. Bb2 cxd4 12. Nxd4 Nc5 13. Be2 Qb6 14. Bf3 Rd8 15. Bxb7 Qxb7 16. Qe2 Bd6 17. Rac1 O-O 18. Rfd1 b4 19. Nb1 Nd5 20. Nd2 Ne7 21. Nc4 Bc7 22. Qg4 Qe4 23. Qg5 Qd5 24. Qxe7 Rd7 25. Qh4 e5 26. Qg4 h5 27. Qf3 exd4 28. Qxd5 Rxd5 29. Rxd4 Rfd8 30. Rcd1 Rxd4 31. Rxd4 Nd3 32. Rxd8+ Bxd8 33. a4 bxa3 34. Bxa3 Bc7 35. g3 f6 36. Kf1 Ne5 37. Nxe5 Bxe5 38. Ke2 h4 39. f4 hxg3 40. hxg3 Bc3 41. f5 Kf7 42. Kd3 Be1 43. g4 g6 44. e4 gxf5 45. gxf5 Ke8 46. Kd4 Kd7 47. e5 fxe5+ 48. Kxe5 Bc3+ 49. Kd5 Bf6 50. Bc5 a5 51. Bd4 Be7 52. f6 Bd8 53. Be5 Ke8 54. Ke6 1-0

[Event "34.Schlosspark-Open"]
[Site "Wiesbaden-Biebrich"]
[Date "2025.08.29"]
[Round "2.64"]
[White "Joshi, Kanad"]
[Black "Berberich, Christoph"]
[Result "0-1"]
[WhiteElo "1749"]
[BlackElo "1876"]
[PlyCount "106"]
[EventDate "2025.08.28"]
[WhiteTeam "SV Oberursel"]
[BlackTeam "SK Freiburg-Zähringen 1887 e.V."]

1. e4 c5 2. Nf3 Nc6 3. d3 g6 4. g3 Bg7 5. Bg2 e6 6. O-O Nge7 7. c3 O-O 8. Re1 h6 9. Be3 b6 10. d4 cxd4 11. cxd4 d5 12. e5 a5 13. Bf1 Ba6 14. Bxa6 Rxa6 15. Nc3 Nf5 16. Qe2 Ra8 17. Rac1 Nxe3 18. Qxe3 a4 19. Nxa4 Nxe5 20. dxe5 Rxa4 21. a3 b5 22. Nd4 Qb6 23. Nc6 d4 24. Qd3 Kh7 25. Nb4 Rd8 26. f4 Bf8 27. Rc6 Qb7 28. Rec1 Rd7 29. Na2 b4 30. Nxb4 Bxb4 31. axb4 Rxb4 32. R1c2 Rxb2 33. Rxb2 Qxb2 34. Rc2 Qa1+ 35. Kg2 Qa8+ 36. Qf3 Qa4 37. Rd2 Qc4 38. Qd3 Qc5 39. Rc2 Qd5+ 40. Qf3 Qa5 41. Qd3 Qd5+ 42. Qf3 d3 43. Qxd5 Rxd5 44. Rd2 g5 45. Kf3 gxf4 46. gxf4 Kg6 47. Ke4 Kh5 48. f5 Kg4 49. fxe6 fxe6 50. Rg2+ Kh3 51. Rg6 d2 52. Rxh6+ Kg4 53. Rg6+ Kh5 0-1

[Event "34.Schlosspark-Open"]
[Site "Wiesbaden-Biebrich"]
[Date "2025.08.29"]
[Round "2.65"]
[White "Hammel, Jens"]
[Black "Urban, Michael"]
[Result "0-1"]
[WhiteElo "1641"]
[BlackElo "1827"]
[PlyCount "62"]
[EventDate "2025.08.28"]
[WhiteTeam "SK 1858 Gießen"]
[BlackTeam "Bergische SF Bergisch"]

1. d4 d5 2. Bf4 c5 3. c3 Qb6 4. Qb3 Qxb3 5. axb3 cxd4 6. cxd4 Nc6 7. e3 Nf6 8. h3 Bf5 9. Nc3 e6 10. Nf3 Be7 11. Be2 O-O 12. O-O a6 13. Ne5 Nxe5 14. Bxe5 Rac8 15. Rfc1 Rc6 16. Na4 Rfc8 17. Rxc6 Rxc6 18. Bxf6 gxf6 19. Bd1 Bb4 20. f4 Be4 21. Kf2 f5 22. g4 fxg4 23. hxg4 Kg7 24. g5 h6 25. gxh6+ Kxh6 26. Bg4 Rc2+ 27. Kg3 Rg2+ 28. Kh3 f5 29. Bd1 Rg1 30. Kh2 Rh1+ 31. Kg3 Be1# 0-1

[Event "34.Schlosspark-Open"]
[Site "Wiesbaden-Biebrich"]
[Date "2025.08.29"]
[Round "2.66"]
[White "Hipler, Andreas"]
[Black "Liu, Jonas"]
[Result "0-1"]
[WhiteElo "1873"]
[BlackElo "1755"]
[PlyCount "64"]
[EventDate "2025.08.28"]
[WhiteTeam "SK Gau-Algesheim"]
[BlackTeam "SV Oberursel"]

1. d4 d5 2. Nf3 Nf6 3. g3 e6 4. Bg2 c6 5. O-O Bd6 6. Nbd2 O-O 7. c4 Nbd7 8. Qc2 e5 9. e4 dxe4 10. Nxe4 Nxe4 11. Qxe4 Nf6 12. Qh4 e4 13. Ng5 Bf5 14. c5 Be7 15. Qf4 Bg6 16. Nxe4 Qxd4 17. Be3 Qd8 18. Nd6 Nd5 19. Bxd5 cxd5 20. Nxb7 Qd7 21. Nd6 Rfd8 22. Rad1 Bxd6 23. cxd6 Qxd6 24. Qxd6 Rxd6 25. Rd4 Rc8 26. Rfd1 Rcd8 27. Kf1 f6 28. Ra4 Bc2 29. Rdd4 Bxa4 30. Rxa4 d4 31. Bd2 a6 32. Ke2 d3+ 0-1

[Event "34.Schlosspark-Open"]
[Site "Wiesbaden-Biebrich"]
[Date "2025.08.29"]
[Round "2.67"]
[White "Eckert, Michael"]
[Black "Rapp, Matthias"]
[Result "0-1"]
[WhiteElo "1744"]
[BlackElo "1869"]
[PlyCount "108"]
[EventDate "2025.08.28"]
[WhiteTeam "SK Herborn 1946"]
[BlackTeam "Sfr.Mainz 1928"]

1. c4 c5 2. g3 e6 3. Bg2 d5 4. cxd5 exd5 5. d4 Nf6 6. Nf3 Nc6 7. O-O Be7 8. a3 O-O 9. dxc5 Bxc5 10. b4 Bb6 11. Bb2 a6 12. e3 Bg4 13. h3 Be6 14. Nd4 Nxd4 15. Bxd4 Bxd4 16. Qxd4 Qd7 17. Kh2 Rac8 18. Nc3 Rc4 19. Qd3 Rfc8 20. Rfc1 h5 21. Ne2 b5 22. Rc3 h4 23. Rxc4 bxc4 24. Qd4 hxg3+ 25. fxg3 Qa4 26. Nc3 Qc2 27. Ra2 Qf5 28. a4 Qd3 29. Rd2 Qxd4 30. Rxd4 Kf8 31. Kg1 Ke7 32. Kf2 Kd6 33. g4 g5 34. Bf1 Ke5 35. Bg2 Rb8 36. b5 axb5 37. axb5 Ra8 38. Rd2 Ra3 39. Rc2 Rb3 40. Ke2 Bd7 41. Bf3 Bxb5 42. Nxb5 Rxb5 43. Kd2 Ne4+ 44. Ke2 Nc5 45. Kd2 Rb1 46. Ra2 Ra1 47. Rb2 Nb3+ 48. Kc3 Rc1+ 49. Rc2 Rxc2+ 50. Kxc2 d4 51. Kb2 dxe3 52. Kc3 Nd4 53. Bb7 e2 54. Kd2 c3+ 0-1

[Event "34.Schlosspark-Open"]
[Site "Wiesbaden-Biebrich"]
[Date "2025.08.29"]
[Round "2.68"]
[White "Sikorra, Philipp"]
[Black "Cichon, Jörg"]
[Result "1-0"]
[WhiteElo "1863"]
[BlackElo "1744"]
[PlyCount "27"]
[EventDate "2025.08.28"]
[WhiteTeam "SF Schönwald"]
[BlackTeam "Sfr.Mainz 1928"]

1. e4 c5 2. d4 cxd4 3. c3 dxc3 4. Nxc3 d6 5. Bc4 Nc6 6. Nf3 e6 7. O-O Be7 8. Qc2 a6 9. Rd1 Qc7 10. Bf4 Ne5 11. Bxe5 dxe5 12. Rac1 Nf6 13. Nd5 Qa5 14. Nc7+ 1-0

[Event "34.Schlosspark-Open"]
[Site "Wiesbaden-Biebrich"]
[Date "2025.08.29"]
[Round "2.69"]
[White "Diehl, Stefan"]
[Black "Porstendörfer, Yannik"]
[Result "0-1"]
[WhiteElo "1856"]
[BlackElo "1742"]
[PlyCount "120"]
[EventDate "2025.08.28"]
[WhiteTeam "SC 1910 Höchst"]
[BlackTeam "SK 1982 Klingenberg e.V."]

1. f4 e5 2. fxe5 d6 3. exd6 Bxd6 4. Nf3 g5 5. d3 g4 6. Nd4 Qh4+ 7. g3 Bxg3+ 8. hxg3 Qxh1 9. Bf4 Qd5 10. e3 a6 11. Nc3 Qd7 12. Bg2 Nc6 13. Nxc6 bxc6 14. Ne4 Ke7 15. Qd2 f5 16. Qb4+ Kf7 17. Ng5+ Kg6 18. Qc3 Nf6 19. Bxc6 Qd8 20. Bxa8 h6 21. Nf7 Kxf7 22. Bxc7 Qe7 23. Bf4 Be6 24. Bg2 Rc8 25. Qd2 Nh5 26. Kf2 Nxf4 27. gxf4 h5 28. Rh1 h4 29. c4 h3 30. Kg1 Qh4 31. Qf2 Qxf2+ 32. Kxf2 hxg2 33. Rh7+ Kf6 34. b3 Bf7 35. Kxg2 Re8 36. Rh6+ Bg6 37. Kf2 g3+ 38. Kf3 g2 39. Kxg2 Rxe3 40. Rh3 Re2+ 41. Kf3 Rxa2 42. Ke3 Rb2 43. Rh1 Rxb3 44. Ra1 Rb6 45. Kd4 Rd6+ 46. Kc3 Be8 47. Ra3 Kg6 48. Kb4 Kh5 49. Kc5 Rc6+ 50. Kd5 Kg4 51. Ke5 Bd7 52. d4 Re6+ 53. Kd5 Kxf4 54. c5 Rh6 55. Ra1 Bc6+ 56. Kc4 Bb5+ 57. Kd5 Ke3 58. Ke5 f4 59. c6 Rxc6 60. Re1+ Be2 0-1

[Event "34.Schlosspark-Open"]
[Site "Wiesbaden-Biebrich"]
[Date "2025.08.29"]
[Round "2.70"]
[White "Döhne, Vincent"]
[Black "Spiegel, Nina"]
[Result "1-0"]
[WhiteElo "1839"]
[BlackElo "1716"]
[PlyCount "69"]
[EventDate "2025.08.28"]
[WhiteTeam "SC 1979 Hattersheim"]
[BlackTeam "Sfr Stiller Zug Wiesbaden"]

1. e4 c5 2. Nc3 g6 3. f4 Bg7 4. Nf3 a6 5. a4 Nc6 6. Bc4 d6 7. d3 Nf6 8. O-O Bg4 9. Be3 Nd4 10. Bxd4 cxd4 11. Ne2 Bxf3 12. gxf3 Nh5 13. Kh1 O-O 14. Rg1 e6 15. Qf1 Rc8 16. Qh3 b5 17. Bb3 Qf6 18. Rg4 Rc5 19. axb5 axb5 20. Ra6 Qe7 21. Rg1 Rfc8 22. Rga1 Qd8 23. Qg3 Nf6 24. Qg1 Nh5 25. Qe1 Qf6 26. Rxd6 Nxf4 27. Nxd4 Qg5 28. Qg3 Qh6 29. Qf2 Rg5 30. Nc6 Rg2 31. Ne7+ Kh8 32. Qxg2 Nxg2 33. Nxc8 Bf8 34. Kxg2 Qg5+ 35. Kf1 1-0

[Event "34.Schlosspark-Open"]
[Site "Wiesbaden-Biebrich"]
[Date "2025.08.29"]
[Round "2.71"]
[White "Gärtner, Johannes"]
[Black "Froitzheim, Ralf"]
[Result "1/2-1/2"]
[WhiteElo "1740"]
[BlackElo "1851"]
[PlyCount "38"]
[EventDate "2025.08.28"]
[WhiteTeam "Sfr.Mainz 1928"]
[BlackTeam "Schachgemeinschaft Niederkassel"]

1. d4 Nf6 2. c4 g6 3. Nc3 d5 4. cxd5 Nxd5 5. e4 Nxc3 6. bxc3 Bg7 7. Nf3 O-O 8. Rb1 c5 9. Be2 Nc6 10. d5 Ne5 11. Nxe5 Bxe5 12. Bd2 Bg7 13. O-O b6 14. Qc2 f5 15. f3 Qc7 16. f4 fxe4 17. g4 Bd7 18. Qxe4 Rae8 19. f5 Qe5 1/2-1/2

[Event "34.Schlosspark-Open"]
[Site "Wiesbaden-Biebrich"]
[Date "2025.08.29"]
[Round "2.72"]
[White "Richter, Johanna"]
[Black "Ju, Eric Zirui"]
[Result "1-0"]
[WhiteElo "1851"]
[BlackElo "1699"]
[PlyCount "105"]
[EventDate "2025.08.28"]
[WhiteTeam "Sfr.Heidesheim"]
[BlackTeam "SV Oberursel"]

1. d4 d5 2. c4 e5 3. dxe5 d4 4. Nf3 Nc6 5. g3 Bg4 6. Bg2 Nge7 7. O-O g6 8. Bg5 Bg7 9. Bf6 Bxf6 10. exf6 Nf5 11. Ne1 Nh6 12. Nd3 Qxf6 13. h3 Bc8 14. Nd2 O-O 15. Nf4 Be6 16. b3 Rad8 17. Nd5 Bxd5 18. Bxd5 Nf5 19. Ne4 Qe7 20. a3 Na5 21. Nd2 Nc6 22. b4 Nb8 23. Nb3 c6 24. Bg2 Qd6 25. Nc5 Qc7 26. Rc1 b6 27. Nd3 c5 28. bxc5 bxc5 29. Rb1 Nd6 30. Qc2 Nd7 31. Nf4 Nb6 32. Nd5 Nxd5 33. Bxd5 Rb8 34. Rxb8 Rxb8 35. Rb1 Rb6 36. Kg2 Nf5 37. Rxb6 Qxb6 38. Qa4 Nd6 39. Qd7 a5 40. a4 Kg7 41. g4 Kg8 42. g5 Kg7 43. Qe7 Qa6 44. Qf6+ Kg8 45. Bxf7+ Kf8 46. Bxg6+ Kg8 47. Bf7+ Kf8 48. Bd5+ Ke8 49. Qh8+ Kd7 50. Qxh7+ Ke8 51. g6 Kd8 52. g7 Ke8 53. g8=R# 1-0

[Event "34.Schlosspark-Open"]
[Site "Wiesbaden-Biebrich"]
[Date "2025.08.29"]
[Round "2.73"]
[White "Khalilov, Asrat"]
[Black "Zeyen, Helmut"]
[Result "1-0"]
[WhiteElo "1680"]
[BlackElo "1845"]
[PlyCount "121"]
[EventDate "2025.08.28"]
[WhiteTeam "SK Bad Schwalbach"]
[BlackTeam "Wiesbadener SV 1885"]

1. d4 d5 2. Bf4 e6 3. Nf3 Nc6 4. e3 Bd6 5. Bg3 Nf6 6. Nbd2 a6 7. c3 Qe7 8. Qc2 e5 9. dxe5 Nxe5 10. Nxe5 Bxe5 11. Nf3 Bd6 12. O-O-O b5 13. Bh4 Bb7 14. Nd4 Qe4 15. Bxf6 Qxc2+ 16. Kxc2 gxf6 17. Nf5 Bf8 18. Rd4 c5 19. Rh4 Kd7 20. Kc1 Ke6 21. Bd3 Rg8 22. Rg1 b4 23. cxb4 cxb4 24. Rxh7 Rc8+ 25. Kd2 b3 26. Nd4+ Kd6 27. Nxb3 Rg7 28. Rxg7 Bxg7 29. Nd4 Bf8 30. Rc1 Rxc1 31. Kxc1 Bc8 32. Kc2 Kc5 33. Kc3 Bd6 34. f4 Bc7 35. Nb3+ Kd6 36. Nd4 Ba5+ 37. b4 Bb6 38. Kb3 a5 39. bxa5 Bxa5 40. Kc2 Bd7 41. Kd1 Bg4+ 42. Be2 Bd7 43. Bh5 Ba4+ 44. Ke2 Ke7 45. g4 Bd7 46. h4 Kf8 47. g5 f5 48. Bf3 Kg7 49. Bxd5 f6 50. Ne6+ Bxe6 51. Bxe6 Kg6 52. h5+ Kxh5 53. gxf6 Kg6 54. f7 Bb4 55. a4 Kf6 56. Bb3 Ke7 57. Kd3 Kd7 58. Kc4 Bd6 59. a5 Bf8 60. Kb5 Kc7 61. Be6 1-0

[Event "34.Schlosspark-Open"]
[Site "Wiesbaden-Biebrich"]
[Date "2025.08.29"]
[Round "2.74"]
[White "Probstfeld, Bernd"]
[Black "Meding, Olaf"]
[Result "1/2-1/2"]
[WhiteElo "1671"]
[BlackElo "1842"]
[PlyCount "43"]
[EventDate "2025.08.28"]
[WhiteTeam "SG Pieroth/Burg Layen"]
[BlackTeam "Sfr.Mainz 1928"]

1. d4 d5 2. Nf3 Nf6 3. c4 c6 4. e3 Bf5 5. Nc3 e6 6. a3 Bd6 7. c5 Bc7 8. b4 Nbd7 9. Bb2 O-O 10. h3 e5 11. dxe5 Nxe5 12. Nd4 Bd7 13. Qc2 Re8 14. O-O-O a5 15. b5 cxb5 16. Ndxb5 Bc6 17. e4 Qe7 18. Nxc7 Qxc7 19. exd5 Bd7 20. Nb5 Bxb5 21. Bxb5 Rec8 22. c6 1/2-1/2

[Event "34.Schlosspark-Open"]
[Site "Wiesbaden-Biebrich"]
[Date "2025.08.29"]
[Round "2.75"]
[White "Fang, Borui"]
[Black "Strache, Rolf"]
[Result "1-0"]
[WhiteElo "1831"]
[BlackElo "1684"]
[PlyCount "91"]
[EventDate "2025.08.28"]
[WhiteTeam "SV Oberursel"]
[BlackTeam "SK Herborn 1946"]

1. e4 c5 2. Ne2 g6 3. Nbc3 Bg7 4. g3 Nc6 5. Bg2 d6 6. O-O Nf6 7. d3 O-O 8. f4 e6 9. Be3 Ng4 10. Bd2 Nf6 11. h3 Bd7 12. Kh2 a6 13. g4 Ne7 14. Ng3 Rb8 15. Qe2 b5 16. Nd1 Ne8 17. f5 Qc7 18. Bg5 Nc6 19. f6 Bh8 20. c3 Ne5 21. Ne3 Bc6 22. Rf2 Nd7 23. Raf1 Bxf6 24. Bxf6 Ndxf6 25. Rxf6 Nxf6 26. Rxf6 a5 27. g5 a4 28. Qg4 d5 29. Qh4 dxe4 30. dxe4 Rbd8 31. Ng4 Rd2 32. Rf4 f5 33. gxf6 Kh8 34. Qh6 Rdd8 35. Ne5 Be8 36. f7 Rxf7 37. Nxf7+ Bxf7 38. e5 Bg8 39. Qg5 Rd7 40. Qf6+ Rg7 41. Rh4 Qf7 42. Rf4 Qxf6 43. Rxf6 Rd7 44. Ne4 Rd5 45. Rf8 Kg7 46. Rxg8+ 1-0

[Event "34.Schlosspark-Open"]
[Site "Wiesbaden-Biebrich"]
[Date "2025.08.29"]
[Round "2.76"]
[White "Ringel, Max"]
[Black "Nabuuma, Rakhshanah"]
[Result "1-0"]
[WhiteElo "1760"]
[BlackElo "1680"]
[PlyCount "57"]
[EventDate "2025.08.28"]
[WhiteTeam "SK Bad Homburg 1927"]
[BlackTeam "VSG 1880 Offenbach"]

1. e4 d6 2. f4 e5 3. Nf3 Bg4 4. Bc4 Nf6 5. Nc3 Nc6 6. d3 g6 7. Be3 Bg7 8. Qd2 O-O 9. O-O-O a6 10. h3 Bxf3 11. gxf3 Nh5 12. f5 Kh8 13. Kb1 Nd4 14. Bxd4 exd4 15. Ne2 b5 16. Bb3 c5 17. Bd5 Ra7 18. Rdg1 a5 19. Nf4 Nxf4 20. Qxf4 Be5 21. Qh6 Bg7 22. Qf4 Qf6 23. Rg2 a4 24. h4 b4 25. h5 Rb8 26. hxg6 fxg6 27. Rxh7+ Kxh7 28. Rh2+ Bh6 29. Qxh6# 1-0

[Event "34.Schlosspark-Open"]
[Site "Wiesbaden-Biebrich"]
[Date "2025.08.29"]
[Round "2.77"]
[White "Glaesser, Leonhard"]
[Black "Ziegler, Jörg"]
[Result "1/2-1/2"]
[WhiteElo "1661"]
[BlackElo "1838"]
[PlyCount "48"]
[EventDate "2025.08.28"]
[WhiteTeam "Wiesbaden"]
[BlackTeam "SAbt BKA Wiesbaden"]

1. d4 d5 2. Nf3 Nf6 3. Bf4 e6 4. e3 Be7 5. Bd3 c5 6. c3 Nc6 7. Nbd2 b6 8. O-O Bb7 9. h3 Rc8 10. Nh2 cxd4 11. exd4 h6 12. Re1 Bd6 13. Bxd6 Qxd6 14. Ng4 Nxg4 15. Qxg4 O-O 16. f4 Rce8 17. Re3 Qd8 18. Rg3 Qf6 19. Nf3 Ne7 20. Ne5 Bc8 21. Rf1 Nf5 22. Rgf3 g6 23. Re1 h5 24. Qg5 Qxg5 1/2-1/2